[Event "Titled Tuesday intern op 03rd Jan Late"]
[Site "Chess.com INT"]
[Date "2023.01.03"]
[Round "7"]
[White "Ljubarov, Mark"]
[Black "Liu, Henry"]
[Result "0-1"]
[WhiteElo "2291"]
[BlackElo "1967"]
[PlyCount "72"]
[EventDate "2023.01.03"]
[EventType "swiss (blitz)"]
[EventRounds "11"]
[EventCountry "USA"]
[SourceTitle "EXT 2024"]
[Source "ChessBase"]
[SourceDate "2023.10.10"]
[SourceVersion "1"]
[SourceVersionDate "2023.10.10"]
[SourceQuality "1"]

1. e4 e6 2. d4 d5 3. Nd2 Nf6 4. e5 Nfd7 5. f4 c5 6. c3 Nc6 7. Ngf3 Qb6 8. Nb3 a5 9. Be3 a4 10. dxc5 Nxc5 11. Nxc5 Bxc5 12. Bxc5 Qxc5 13. Nd4 Qb6 14. Bb5 Bd7 15. Bxc6 bxc6 16. 0-0 c5 17. Nf3 Qxb2 18. f5 Qxc3 19. fxe6 Bxe6 20. Rc1 Qe3+ 21. Kh1 0-0 22. Re1 Qa3 23. Ng5 h6 24. Nf3 Rfd8 25. Qc2 Rac8 26. Qd2 d4 27. Qf4 Qxa2 28. Nd2 d3 29. Ra1 Qd5 30. Rxa4 c4 31. Ne4 c3 32. Raa1 d2 33. Red1 Rc4 34. Nf6+ gxf6 35. Qg3+ Rg4 36. Qxc3 Qxg2# 0-1

[Event "Titled Tuesday intern op 03rd Jan Late"]
[Site "Chess.com INT"]
[Date "2023.01.03"]
[Round "5"]
[White "Mazurkiewicz, Michal"]
[Black "Liu, Henry"]
[Result "1/2-1/2"]
[WhiteElo "2163"]
[BlackElo "1967"]
[PlyCount "195"]
[EventDate "2023.01.03"]
[EventType "swiss (blitz)"]
[EventRounds "11"]
[EventCountry "USA"]
[SourceTitle "EXT 2024"]
[Source "ChessBase"]
[SourceDate "2023.10.10"]
[SourceVersion "1"]
[SourceVersionDate "2023.10.10"]
[SourceQuality "1"]

1. e4 e6 2. d3 d5 3. Nd2 Nf6 4. Ngf3 Nc6 5. c3 dxe4 6. dxe4 e5 7. Bb5 Bd6 8. 0-0 Bd7 9. Nc4 a6 10. Bxc6 Bxc6 11. Nfxe5 Bxe5 12. Nxe5 Qxd1 13. Rxd1 Bxe4 14. Bg5 Bf5 15. Bxf6 gxf6 16. Nc4 0-0 17. Na5 Rab8 18. Rd4 Be6 19. Rad1 Rfc8 20. f4 c5 21. Rd6 Kg7 22. h3 Rc7 23. g4 Bxa2 24. Rb6 Re8 25. Nxb7 Rb8 26. Rxa6 Bb3 27. Rdd6 Rcxb7 28. Rxf6 Be6 29. g5 Rxb2 30. f5 Rb1+ 31. Kf2 R8b2+ 32. Ke3 Bc4 33. Rh6 Bxa6 34. Rxa6 Rh1 35. Kf4 Rxh3 36. Ke5 Re3+ 37. Kf4 Rxc3 38. Ra7 Rb4+ 39. Ke5 Re3+ 40. Kd5 c4 41. Kd4 Rg3 42. Kc5 Rb1 43. f6+ Kg6 44. Kxc4 Rxg5 45. Ra8 Kxf6 46. Ra6+ Kg7 47. Ra8 Rbg1 48. Kd3 R1g4 49. Ke3 Rf5 50. Ke2 Rgf4 51. Ke3 f6 52. Ke2 Kg6 53. Ke3 Kh5 54. Rg8 h6 55. Rg7 Rh4 56. Ke2 Rg4 57. Rf7 Kg6 58. Ke3 h5 59. Rf8 h4 60. Rg8+ Kh5 61. Rh8+ Kg5 62. Rg8+ Kh5 63. Rh8+ Kg6 64. Rg8+ Kf7 65. Rxg4 Rh5 66. Rg2 Ke6 67. Kf4 h3 68. Rh2 Rh8 69. Kg4 f5+ 70. Kg3 Ke5 71. Re2+ Kf6 72. Rh2 Kg5 73. Rxh3 f4+ 74. Kg2 Ra8 75. Rh7 Kg4 76. Rg7+ Kf5 77. Rf7+ Kg5 78. Rg7+ Kf5 79. Rf7+ Kg5 80. Rg7+ Kf6 81. Rc7 Ra2+ 82. Kf3 Ra4 83. Rc6+ Kf5 84. Rc5+ Ke6 85. Rc6+ Kd5 86. Rf6 Ke5 87. Rf8 Ra3+ 88. Kf2 Ke4 89. Re8+ Kf5 90. Rf8+ Kg5 91. Rg8+ Kf6 92. Rf8+ Ke5 93. Re8+ Kf5 94. Rf8+ Kg4 95. Rg8+ Kh3 96. Rh8+ Kg4 97. Rg8+ Kf5 98. Rf8+ 1/2-1/2

[Event "Markham op U2200"]
[Site "Markham"]
[Date "2018.10.06"]
[Round "2"]
[White "Rusonik, Max"]
[Black "Liu, Henry"]
[Result "1-0"]
[WhiteElo "2041"]
[BlackElo "1829"]
[PlyCount "45"]
[EventDate "2018.10.05"]
[EventType "swiss"]
[EventRounds "5"]
[EventCountry "CAN"]
[SourceTitle "EXT 2022"]
[Source "ChessBase"]
[SourceDate "2021.10.06"]
[SourceVersion "1"]
[SourceVersionDate "2021.10.06"]
[SourceQuality "1"]

1. e4 e6 2. d4 d5 3. Nc3 Nf6 4. Bg5 dxe4 5. Nxe4 Be7 6. Bxf6 Bxf6 7. Nf3 0-0 8. Qd2 b6 9. 0-0-0 a5 10. h4 Nc6 11. c3 Be7 12. Bd3 Ba6 13. Bc2 b5 14. Neg5 h6 15. Qd3 Bxg5+ 16. hxg5 f5 17. gxh6 gxh6 18. Rxh6 Rf6 19. Rdh1 Rxh6 20. Rxh6 Qe7 21. Qe3 Re8 22. Rg6+ Kh8 23. Ng5 1-0

[Event "CAN-ch U20 U1800"]
[Site "Toronto"]
[Date "2018.08.09"]
[Round "2.26"]
[White "Liu, Henry"]
[Black "Lee, Ethan2222"]
[Result "1-0"]
[WhiteElo "1542"]
[BlackElo "1121"]
[PlyCount "97"]
[EventDate "2018.08.08"]
[EventType "swiss"]
[EventRounds "9"]
[EventCountry "CAN"]
[SourceTitle "EXT 2022"]
[Source "ChessBase"]
[SourceDate "2021.10.06"]
[SourceVersion "1"]
[SourceVersionDate "2021.10.06"]
[SourceQuality "1"]

1. c4 Nf6 2. g3 d5 3. cxd5 Nxd5 4. Bg2 c5 5. Nf3 Nc6 6. 0-0 e5 7. Nc3 Nc7 8. d3 Be7 9. Be3 0-0 10. Rc1 Ne6 11. Nd2 Ned4 12. Bxd4 Nxd4 13. Na4 Qa5 14. e3 Ne6 15. Nc4 Qc7 16. Nc3 Rd8 17. Nd5 Qd7 18. Nxe5 Qd6 19. Nc4 Qd7 20. Qb3 Rb8 21. Ne5 Qd6 22. Nc4 Qd7 23. Ne5 Qd6 24. Nxe7+ Qxe7 25. Nc6 bxc6 26. Qxb8 Ba6 27. Qe5 Bxd3 28. Rfd1 Bc2 29. Rxd8+ Qxd8 30. Qc3 Bf5 31. Bxc6 Qd6 32. Bg2 h5 33. Qe1 Ng5 34. Rd1 Qf6 35. h4 Nh3+ 36. Kh2 Bg4 37. Rd2 g5 38. Bxh3 gxh4 39. Bxg4 hxg4 40. Kg1 h3 41. Kh2 Qf3 42. Qh1 Qxh1+ 43. Kxh1 Kg7 44. Rc2 Kg6 45. Rxc5 f5 46. b4 Kg5 47. a4 Kg6 48. b5 f4 49. exf4 1-0

[Event "CAN-ch U08"]
[Site "Windsor"]
[Date "2016.07.07"]
[Round "4.125"]
[White "Liu, Henry"]
[Black "Puri, Arjun"]
[Result "1-0"]
[WhiteElo "924"]
[BlackElo "565"]
[PlyCount "61"]
[EventDate "2016.07.05"]
[EventType "swiss"]
[EventRounds "7"]
[EventCountry "CAN"]
[SourceTitle "EXT 2022"]
[Source "ChessBase"]
[SourceDate "2021.10.06"]
[SourceVersion "1"]
[SourceVersionDate "2021.10.06"]
[SourceQuality "1"]

1. d4 e5 2. dxe5 Bb4+ 3. c3 Ba5 4. b4 Bb6 5. c4 Bd4 6. Qxd4 d6 7. exd6 cxd6 8. h4 Nc6 9. Qd1 Qf6 10. Bb2 Qxb2 11. Nd2 Nxb4 12. Rb1 Nc2+ 13. Qxc2 Qxc2 14. Ra1 Qc3 15. Rd1 Bd7 16. e3 Ba4 17. Rb1 Bc2 18. Rc1 Qb2 19. Rh3 Bd3 20. Bxd3 Qxc1+ 21. Ke2 Qxg1 22. Rg3 Rd8 23. Rxg7 Rd7 24. Nf3 Qxg2 25. Rxg2 Nf6 26. Rh2 Ng4 27. Rg2 Rg8 28. Bxh7 Rg7 29. Bf5 Rc7 30. Bxg4 Rxg4 31. Rxg4 1-0